000 005610000a22002170004500
003 LK-CoMWRAF
008 230817t1999 ||||| |||| 00| 0 eng d
020 _a9780410023
040 _aLK-CoMWRAF
_dLK-CoMWRAF
_eLK-CoMWRAF
041 _aeng
082 _a355
_bDIV
245 _aDivorce - The dissolution of Marriage in Muslim Personal laws in Nigeria
_b
260 _aLagos
_bBAOBAB
_c1999
300 _ap.16
490 _aLegal Literacy Leaflet No. 2
650 _aFasah
650 _aKhula
650 _aMuslim Law-Nigeria
650 _aTalaq
942 _cBK
999 _c63
_d63